[Event "Ruhrgebiet VL1 0001"]
[Site "Ruhrgebiet"]
[Date "2001.05.13"]
[Round "9"]
[White "Ertel, Guenter"]
[Black "Heinichs, Wenke"]
[Result "0-1"]
[WhiteElo "1791"]
[BlackElo "1871"]
[PlyCount "111"]
[EventDate "2000.09.17"]
[EventType "team-tourn"]
[EventRounds "9"]
[EventCountry "GER"]
[SourceTitle "EXT 2023"]
[Source "ChessBase"]
[SourceDate "2022.10.05"]
[SourceVersion "1"]
[SourceVersionDate "2022.10.05"]
[SourceQuality "1"]
[WhiteTeam "Bochum Post"]
[BlackTeam "Brackel II"]
[WhiteTeamCountry "GER"]
[BlackTeamCountry "GER"]

1. e4 g6 2. d4 Bg7 3. Nc3 d6 4. Be3 Nf6 5. f3 c6 6. Qd2 h5 7. 0-0-0 b5 8. Bd3 Nbd7 9. Nge2 Qa5 10. a3 a6 11. Nb1 Qc7 12. Nec3 Bb7 13. h3 c5 14. Na2 Rc8 15. d5 c4 16. Bf1 Nc5 17. Nbc3 Qb6 18. Re1 a5 19. Kd1 Ba6 20. Nb1 Qb7 21. Bxc5 Rxc5 22. Qxa5 Qc8 23. Qd2 Nd7 24. c3 Bb7 25. Nb4 Nf6 26. g3 h4 27. g4 Qa8 28. Ke2 Nd7 29. f4 Nf6 30. Bg2 Qc8 31. Bf3 Kf8 32. Kf2 Rc7 33. Re2 Nd7 34. Rhe1 Nc5 35. Qd1 Kg8 36. e5 dxe5 37. fxe5 Bh6 38. d6 Rd7 39. Bxb7 Nxb7 40. Qd4 Nd8 41. Rd1 Ne6 42. Qb6 Nf4 43. Re4 Nxh3+ 44. Kf1 Nf4 45. Nd5 Nxd5 46. Rxd5 exd6 47. Rxd6 Rxd6 48. exd6 Qa8 49. Qd4 Bg7 50. Qe3 Qc6 51. Qf4 h3 52. Re7 Qg2+ 53. Ke1 Qg1+ 54. Ke2 Qg2+ 55. Kd1 Qd5+ 56. Nd2 0-1